| 000 | 00507cam a2200205ua 4500 | ||
|---|---|---|---|
| 001 | 8141 | ||
| 005 | 20260515114310.0 | ||
| 008 | 150109n ii |||gr||||Z||||||hin | ||
| 040 | _cMAIN | ||
| 041 | _ahin | ||
| 082 | _a891.431 | ||
| 100 |
_aAmarnath, _eAuthor. |
||
| 245 | 1 |
_aAcharya Ramchandra Shukla ka kavya-chintan _cBy Amarnath |
|
| 250 | _a1st. | ||
| 260 |
_aDelhi: _bPravin, _c1987. |
||
| 300 | _a120p. | ||
| 653 | _aEast Indo-European & Celtic literatures | ||
| 653 | _aHindi poems | ||
| 942 | _cBK | ||
| 999 |
_c7251 _d7251 |
||